La guerra como desastre (Record no. 13630)
[ view plain ]
| 000 - LÍDER | |
|---|---|
| campo de control de longitud fija | 01345nam a2200229Ia 4500 |
| 008 - ELEMENTOS DE DATOS DE LONGITUD FIJA - INFORMACIÓN GENERAL | |
| campo de control de longitud fija | 0000002008 sp a 0000000000spa00 |
| 090 ## - NÚMERO DE LLAMADA DE TIPO LC LOCALMENTE ASIGNADO (OCLC) | |
| Número de clasificación (OCLC) (R) | PSP00 E76g |
| 100 1# - ENTRADA PRINCIPAL - NOMBRE PERSONAL | |
| Nombre de la persona | Espinosa, Mareta. |
| 245 13 - TÍTULO DECLARACIÓN | |
| Título | La guerra como desastre |
| Declaración de responsabilidad | / Mareta Espinosa ; textos Arturo Pérez Reverte ...[et al.] ; fotos Rafael Roa |
| 260 ## - PUBLICACIÓN, DISTRIBUCIÓN | |
| Lugar de publicación | Móstoles : Centro Cultural Villa de Móstoles |
| Fecha de publicación | 2008 |
| 300 ## - DESCRIPCIÓN FÍSICA | |
| Alcance | 55 p. |
| Dimensiones | / 17 cm. |
| 500 ## - NOTA GENERAL | |
| Nota general | Exposición realizada en el Centro Cltural Villa de Móstoles en Madrid, España durante el mes de septiembre de 2008 \ Incluye datos biográficos y cronología artística \ Donación Carlos Jiménez, 2011 |
| 501 ## - Con nota | |
| Con nota | Tristes presentimientos de lo que ha aonctecido / Fernando Castro Flórez LA mecánica del horror / Javier Rubio Nomboldt Una intifada de navaja y macetazo / Arturo Pérez REverte íQué horrible despertar de los mdrileños el día 3 de mayo de 1808! / Miguel Morayta |
| 600 00 - ENTRADA DE SUJETO AÑADIDO - NOMBRE PERSONAL | |
| Nombre de la persona | ESPINOSA, MARETA/ |
| Subdivisión general | TRABAJOS PICTORICOS \ GOYA, FRANCISCO DE, 1746182 HOMENAJES POSTUMOS |
| 650 14 - ENTRADA DE SUJETO AÑADIDO - TÉRMINO TÓPICO | |
| Término tópico o elemento de entrada del nombre geográfico | PINTURA ESPAÑOLA |
| 650 14 - ENTRADA DE SUJETO AÑADIDO - TÉRMINO TÓPICO | |
| Término tópico o elemento de entrada del nombre geográfico | ARTE CONTEMPORANEO ESPAÑOL |
| 650 14 - ENTRADA DE SUJETO AÑADIDO - TÉRMINO TÓPICO | |
| Subdivisión general | CATALOGOS |
| 650 14 - ENTRADA DE SUJETO AÑADIDO - TÉRMINO TÓPICO | |
| Subdivisión general | EXPOSICIONES |
| 650 14 - ENTRADA DE SUJETO AÑADIDO - TÉRMINO TÓPICO | |
| Término tópico o elemento de entrada del nombre geográfico | GUERRA EN EL ARTE |
| 650 14 - ENTRADA DE SUJETO AÑADIDO - TÉRMINO TÓPICO | |
| Término tópico o elemento de entrada del nombre geográfico | PINTORES ESPAÑOLES |
| 700 1# - ENTRADA AGREGADA - NOMBRE PERSONAL | |
| Nombre de la persona | Pérez Reverte, Arturo, 1951 \ Castro Flórez, Fernando \ Rubio Nomblot, Javier \ Morayta, Miguel |
| Estado de retirada | Pérdida de estatus | Estado dañado | No para préstamo | Código de recogida | Ubicación permanente | Ubicación actual | Ubicación de las estanterías | Fecha de adquisición | Número de llamada completo | Código de barras | Fecha de la última vez que se vio | Número de copia | Precio efectivo desde | Tipo de artículo Koha |
|---|---|---|---|---|---|---|---|---|---|---|---|---|---|---|
| General | ArtNexus | ArtNexus | General | 06/09/2022 | P-SP-00 E76G | 13818 | 06/09/2022 | Ej.1 | 06/09/2022 | Libro |